[Event "Challenge"]
[Site "http://www.queenalice.com/game.php?id=267748"]
[Date "2007.9.6"]
[Round "-"]
[White "MauroHowe"]
[Black "matheusgarcia"]
[Result "1-0"]
[WhiteElo "1302"]
[BlackElo "1288"]

1. Nf3 c5 2. e4 e5 3. Nxe5 Bd6 4. Nc4 Qc7 5. Qf3 Qc6 6. d3 b5 7. Nxd6+ Qxd6 8.
Bf4 Qb6 9. e5 b4 10. Nd2 a5 11. g3 Nc6 12. Nc4 Qb8 13. Nd6+ Kd8 14. Bg5+ f6 15.
exf6 Nxf6 16. Nf7+ Ke8 17. Nxh8 Ne5 18. Qf4 Bb7 19. Rg1 Nfg4 20. Qf5 Ra6 21. d4
cxd4 22. Bxa6 Bxa6 23. Rd1 g6 24. Qf4 Qb5 25. Qe4 d5 26. Qxd4 h6 27. c4 Nxc4 28.
Qa7 Nxb2 29. Qe7# 1-0

[Event "Let's Play Chess!"]
[Site "http://www.queenalice.com/game.php?id=267750"]
[Date "2007.9.6"]
[Round "-"]
[White "MauroHowe"]
[Black "pedrogarciass"]
[Result "0-1"]
[WhiteElo "1280"]
[BlackElo "1693"]

1. Nf3 d5 2. e3 Bg4 3. Bb5+ c6 4. Ba4 e5 5. d3 Nf6 6. Qd2 Bxf3 7. gxf3 a5 8. e4
d4 9. O-O Be7 10. c3 O-O 11. Qg5 Nfd7 12. Qg3 Bh4 13. Qg4 Qf6 14. Na3 dxc3 15.
bxc3 Nc5 16. Bd1 Nxd3 17. Be3 Rd8 18. Bc2 Na6 19. Rfd1 Nf4 20. Rxd8+ Rxd8 21.
Rd1 g6 22. Bb6 Rxd1+ 23. Bxd1 Nd3 24. Nc2 Kg7 25. Ne3 Bxf2+ 26. Kg2 Bxe3 27.
Bxe3 Nf4+ 28. Bxf4 exf4 29. h4 h5 30. Qd7 b5 31. Qe8 Qxc3 32. Bb3 Qb2+ 33. Kh3
Qf6 34. e5 Qf5+ 35. Kg2 Nc5 36. Bd1 Qe6 37. Qd8 Qxa2+ 38. Kh3 Qe6+ 39. Kg2 a4
40. Bc2 Qxe5 41. Qc8 Qe2+ 42. Kg1 Qxc2 43. Qxc6 Qc4 44. Qd6 a3 45. Qd1 a2 46.
Qa1+ Kg8 47. Kf2 Qc2+ 48. Ke1 Nd3+ 49. Kf1 Qf2# 0-1

[Event "Challenge"]
[Site "http://www.queenalice.com/game.php?id=270968"]
[Date "2007.9.13"]
[Round "-"]
[White "mogerio"]
[Black "MauroHowe"]
[Result "0-1"]
[WhiteElo "1348"]
[BlackElo "1278"]

1. e4 e5 2. d4 exd4 3. Qxd4 Nc6 4. Qd1 d6 5. Nf3 Qf6 6. e5 dxe5 7. Bc4 Bg4 8. h3
Bf5 9. Nfd2 Bc5 10. Nf3 Nh6 11. O-O O-O 12. c3 Rad8 13. Qe1 e4 14. Nh4 Qxh4 15.
Na3 Rfe8 16. Kh1 Ng4 17. g3 Qxh3+ 18. Kg1 Qh2# 0-1

[Event "Challenge"]
[Site "http://www.queenalice.com/game.php?id=271622"]
[Date "2007.9.14"]
[Round "-"]
[White "carloswecker"]
[Black "MauroHowe"]
[Result "1-0"]
[WhiteElo "1924"]
[BlackElo "1278"]

1. d4 d5 2. c4 dxc4 3. Nc3 Nc6 4. Nf3 Bf5 5. e3 Qd6 6. Bxc4 O-O-O 7. a3 Nf6 8.
b4 a6 9. b5 axb5 10. Nxb5 Qd7 11. Qa4 Nb8 12. Na7# 1-0

[Event "Challenge"]
[Site "http://www.queenalice.com/game.php?id=271623"]
[Date "2007.9.14"]
[Round "-"]
[White "MauroHowe"]
[Black "carloswecker"]
[Result "0-1"]
[WhiteElo "1286"]
[BlackElo "1932"]

1. Nf3 Nf6 2. e3 b6 3. Bd3 Bb7 4. Nc3 e6 5. O-O Be7 6. g3 O-O 7. Ne5 d6 8. Nc4
Nbd7 9. Qf3 Bxf3 10. e4 e5 11. b4 Qc8 12. Nd5 Nxd5 13. Re1 N7f6 14. exd5 Nxd5
15. g4 Qxg4+ 16. Kf1 Qg2# 0-1

[Event "AUTO-INT-620"]
[Site "http://www.queenalice.com/game.php?id=273521"]
[Date "2007.9.18"]
[Round "1"]
[White "Augustodombosco"]
[Black "MauroHowe"]
[Result "1-0"]
[WhiteElo "1418"]
[BlackElo "1278"]

1. e4 e5 2. Nf3 Qf6 3. Bc4 Nc6 4. Nc3 d6 5. h3 Qg6 6. Nh4 Qg5 7. g3 Nd4 8. d3
Nf3+ 9. Qxf3 Qe7 10. Nd5 Qd7 11. Bg5 Nf6 12. Bxf6 Qa4 13. Nxc7+ Kd7 14. Bb5+
Qxb5 15. Nxb5 gxf6 16. Qxf6 Rg8 17. Qxf7+ Kc6 18. Qxg8 Bh6 19. Qxh7 Bg5 20. c4
Be6 21. Qc7# 1-0

[Event "AUTO-INT-620"]
[Site "http://www.queenalice.com/game.php?id=273522"]
[Date "2007.9.18"]
[Round "1"]
[White "MauroHowe"]
[Black "Augustodombosco"]
[Result "0-1"]
[WhiteElo "1270"]
[BlackElo "1498"]

1. Nf3 d5 2. d4 Nc6 3. Qd3 Bg4 4. Ng5 e5 5. dxe5 Nxe5 6. Qe3 f6 7. Nh3 Bxh3 8.
Qxh3 Bc5 9. Nc3 Ne7 10. e3 N7c6 11. e4 dxe4 12. Nxe4 Nd4 13. Nxc5 Nxc2+ 14. Ke2
Nxa1 15. Nxb7 Qd5 16. Ke1 Nc2+ 17. Ke2 Qxb7 18. Bd2 Qxb2 19. f4 Qb5+ 20. Kf2 Qd5
21. Bc3 Nc4 22. Bxc4 Qc5+ 23. Kf3 Qxc4 24. Qe6+ Qxe6 25. Rc1 Qe3+ 26. Kg4 Qxc1
27. f5 Qg5+ 28. Kf3 Rd8 29. Ke2 Qe3+ 30. Kf1 Rd1+ 0-1

[Event "AUTO-INT-620"]
[Site "http://www.queenalice.com/game.php?id=273535"]
[Date "2007.9.18"]
[Round "1"]
[White "kanibal"]
[Black "MauroHowe"]
[Result "0-1"]
[WhiteElo "1501"]
[BlackElo "1272"]

1. Nf3 Nc6 2. e4 d6 3. d4 Be6 4. d5 Ne5 5. dxe6 fxe6 6. Nxe5 dxe5 7. Qxd8+ Rxd8
8. Bc4 Rd6 9. O-O Rd4 10. Bd3 Nh6 11. h3 g5 12. Be3 Rb4 13. b3 Rg8 14. Bxa7 g4
15. hxg4 Nxg4 16. c3 Rb6 17. Bxb6 cxb6 18. Bb5+ Kf7 19. Nd2 Bh6 20. Nc4 Rg5 21.
Nxb6 Rh5 22. f3 Ne3 23. Rfe1 Nc2 24. g4 Rh3 25. Kg2 Rh4 26. Kg3 Bg5 27. a4 Ne3
28. Re2 h5 29. Nc4 Nf1+ 30. Kg2 Nh2 31. Nxe5+ Kf6 32. Nd7+ Kg6 33. Bd3 hxg4 34.
e5+ Kh5 35. Nc5 gxf3+ 36. Kf2 fxe2 37. Kxe2 Rf4 38. Nxe6 Rf3 39. Ng7+ Kg4 40.
Rg1+ Kf4 41. Rh1 Re3+ 42. Kd2 Nf3+ 43. Kc2 Ne1+ 44. Kd2 Nxd3 45. Rf1+ Ke4 46. a5
Nxe5 47. Ne6 Bh6 48. Nc5+ Kd5 49. Nxb7 Rf3+ 50. Ke2 Rxc3 51. b4 Rc2+ 52. Kd1
Rc1+ 53. Ke2 Rc2+ 54. Kd1 Rd2+ 55. Ke1 Nd3# 0-1

[Event "AUTO-INT-620"]
[Site "http://www.queenalice.com/game.php?id=273536"]
[Date "2007.9.18"]
[Round "1"]
[White "MauroHowe"]
[Black "kanibal"]
[Result "0-1"]
[WhiteElo "1284"]
[BlackElo "1525"]

1. Nf3 Nf6 2. d4 d5 3. e3 Ne4 4. Ne5 Nc6 5. Bb5 Bd7 6. f3 Nf6 7. e4 a6 8. Ba4 b5
9. Bb3 Nxe5 10. dxe5 Nh5 11. exd5 e6 12. dxe6 Bxe6 13. Nd2 Qh4+ 14. g3 Nxg3 15.
hxg3 Qxh1+ 16. Ke2 Qg2+ 17. Ke3 Bc5+ 18. Kf4 O-O 19. Ne4 Rad8 20. Qe1 Bb6 21.
Ng5 Rd4+ 22. Ne4 f5 23. Bxe6+ Kh8 24. Bxf5 g6 25. Be3 Rxf5+ 26. Kg4 h5+ 27. Kh4
Qh2# 0-1

[Event "AUTO-INT-620"]
[Site "http://www.queenalice.com/game.php?id=273543"]
[Date "2007.9.18"]
[Round "1"]
[White "ShadowChees"]
[Black "MauroHowe"]
[Result "1-0"]
[WhiteElo "1537"]
[BlackElo "1270"]

1. e4 Nc6 2. d4 d6 3. Bb5 Nf6 4. Bxc6+ bxc6 5. Nc3 Ba6 6. Bg5 Rb8 7. Bxf6 exf6
8. Nge2 d5 9. O-O dxe4 10. Nxe4 Qd5 11. f3 g5 12. N2c3 Qf5 13. g4 Qg6 14. Re1 h5
15. gxh5 Qxh5 16. Nxf6+ Kd8 17. Re8# 1-0

[Event "AUTO-INT-620"]
[Site "http://www.queenalice.com/game.php?id=273544"]
[Date "2007.9.18"]
[Round "1"]
[White "MauroHowe"]
[Black "ShadowChees"]
[Result "0-1"]
[WhiteElo "1270"]
[BlackElo "1551"]

1. Nf3 Nc6 2. e4 d5 3. Bb5 Bd7 4. Ng5 e6 5. Qf3 Qxg5 6. exd5 Qxd5 7. Bd3 Qxf3 8.
gxf3 Nb4 9. Be4 Nf6 10. Bxb7 Nxc2+ 11. Ke2 Rd8 12. Nc3 Nxa1 13. Nb5 Bxb5+ 14. d3
Bxd3+ 15. Ke3 Bc5+ 16. Kf4 Nh5+ 17. Kg5 g6 18. Bf4 Nxf4 19. Rxa1 Nh3+ 20. Kf6
Bd4# 0-1

[Event "Let's Play Chess!"]
[Site "http://www.queenalice.com/game.php?id=273835"]
[Date "2007.9.19"]
[Round "-"]
[White "gcmorales"]
[Black "MauroHowe"]
[Result "1-0"]
[WhiteElo "1206"]
[BlackElo "1297"]

1. e4 Nc6 2. Nc3 e5 3. d3 Nd4 4. Nf3 Nxf3+ 5. gxf3 Nf6 6. Be3 d6 7. Qd2 Qd7 8.
Rg1 Nh5 9. O-O-O Qc6 10. Nd5 Be6 11. c4 Qa6 12. Nxc7+ Kd7 13. Nxa6 bxa6 14. c5
dxc5 15. d4 exd4 16. Bg5 c4 17. Qxd4+ Bd6 18. Qxd6+ Kc8 19. Qc6+ Kb8 20. Be7 Re8
21. Bd6# 1-0